<?xml version="1.0" encoding="UTF-8"?><marc:collection xmlns:marc="http://www.loc.gov/MARC21/slim">
  <marc:record>
    <marc:leader>04372nas a2200721 c 4500</marc:leader>
    <marc:controlfield tag="001">010059334</marc:controlfield>
    <marc:controlfield tag="003">DE-101</marc:controlfield>
    <marc:controlfield tag="005">20250625123252.0</marc:controlfield>
    <marc:controlfield tag="007">tu</marc:controlfield>
    <marc:controlfield tag="008">991118c19699999gw b||p|  ||| 0||||1ger c</marc:controlfield>
    <marc:datafield tag="015" ind1=" " ind2=" ">
      <marc:subfield code="a">76,A02,0449</marc:subfield>
      <marc:subfield code="2">dnb</marc:subfield>
    </marc:datafield>
    <marc:datafield tag="016" ind1="7" ind2=" ">
      <marc:subfield code="2">DE-600</marc:subfield>
      <marc:subfield code="a">957026-3</marc:subfield>
    </marc:datafield>
    <marc:datafield tag="016" ind1="7" ind2=" ">
      <marc:subfield code="2">DE-101</marc:subfield>
      <marc:subfield code="a">010059334</marc:subfield>
    </marc:datafield>
    <marc:datafield tag="022" ind1=" " ind2=" ">
      <marc:subfield code="a">0174-5336</marc:subfield>
    </marc:datafield>
    <marc:datafield tag="035" ind1=" " ind2=" ">
      <marc:subfield code="a">(DE-599)ZDB957026-3</marc:subfield>
    </marc:datafield>
    <marc:datafield tag="035" ind1=" " ind2=" ">
      <marc:subfield code="a">(OCoLC)724256588</marc:subfield>
    </marc:datafield>
    <marc:datafield tag="040" ind1=" " ind2=" ">
      <marc:subfield code="a">9001</marc:subfield>
      <marc:subfield code="b">ger</marc:subfield>
      <marc:subfield code="c">DE-101</marc:subfield>
      <marc:subfield code="d">9001</marc:subfield>
    </marc:datafield>
    <marc:datafield tag="041" ind1=" " ind2=" ">
      <marc:subfield code="a">ger</marc:subfield>
    </marc:datafield>
    <marc:datafield tag="042" ind1=" " ind2=" ">
      <marc:subfield code="a">zdb</marc:subfield>
    </marc:datafield>
    <marc:datafield tag="044" ind1=" " ind2=" ">
      <marc:subfield code="c">XA-DE</marc:subfield>
    </marc:datafield>
    <marc:datafield tag="082" ind1="7" ind2="4">
      <marc:subfield code="a">690</marc:subfield>
      <marc:subfield code="q">DE-600</marc:subfield>
      <marc:subfield code="2">22sdnb</marc:subfield>
    </marc:datafield>
    <marc:datafield tag="084" ind1=" " ind2=" ">
      <marc:subfield code="a">38</marc:subfield>
      <marc:subfield code="a">660</marc:subfield>
      <marc:subfield code="a">690</marc:subfield>
      <marc:subfield code="q">DE-101</marc:subfield>
      <marc:subfield code="2">sdnb</marc:subfield>
    </marc:datafield>
    <marc:datafield tag="210" ind1="0" ind2="0">
      <marc:subfield code="a">Schweiz.Baust.-Ind.</marc:subfield>
    </marc:datafield>
    <marc:datafield tag="245" ind1="0" ind2="0">
      <marc:subfield code="a">&#152;Die&#156; Schweizer Baustoff-Industrie</marc:subfield>
      <marc:subfield code="b">= &#152;L'&#156; industrie suisse des matériaux de construction</marc:subfield>
      <marc:subfield code="c">Baustoff Kreislauf Schweiz</marc:subfield>
    </marc:datafield>
    <marc:datafield tag="246" ind1="1" ind2="1">
      <marc:subfield code="a">&#152;L'&#156; industrie suisse des matériaux de construction</marc:subfield>
    </marc:datafield>
    <marc:datafield tag="246" ind1="1" ind2=" ">
      <marc:subfield code="i">Nebent.:</marc:subfield>
      <marc:subfield code="a">DSB</marc:subfield>
    </marc:datafield>
    <marc:datafield tag="246" ind1="1" ind2=" ">
      <marc:subfield code="i">1. Titelzusatz früher</marc:subfield>
      <marc:subfield code="a">Organ d. Schweizer. Fachverbandes für Sand und Kies</marc:subfield>
    </marc:datafield>
    <marc:datafield tag="246" ind1="1" ind2=" ">
      <marc:subfield code="i">2. Titelzusatz früher</marc:subfield>
      <marc:subfield code="a">Organ d. Europäischen Asphaltverbandes</marc:subfield>
    </marc:datafield>
    <marc:datafield tag="246" ind1="1" ind2=" ">
      <marc:subfield code="i">1. Titelzusatz früher</marc:subfield>
      <marc:subfield code="a">Organ d. FSKB (Fachverband d. Schweizerischen Kies- und Betonindustrie)</marc:subfield>
    </marc:datafield>
    <marc:datafield tag="246" ind1="1" ind2=" ">
      <marc:subfield code="i">2. Titelzusatz früher</marc:subfield>
      <marc:subfield code="a">Organ d. SMI (Schweizer Mischgut-Industrie)</marc:subfield>
    </marc:datafield>
    <marc:datafield tag="246" ind1="1" ind2=" ">
      <marc:subfield code="i">3. Titelzusatz früher</marc:subfield>
      <marc:subfield code="a">Organ d. VSH (Verband Schweiz. Hartsteinbrüche)</marc:subfield>
    </marc:datafield>
    <marc:datafield tag="246" ind1="1" ind2=" ">
      <marc:subfield code="i">4. Titelzusatz früher</marc:subfield>
      <marc:subfield code="a">&#152;Branchenmitteilungen für d. Betonwaren-Industrie = L'&#156; industrie suisse des matériaux de construction</marc:subfield>
    </marc:datafield>
    <marc:datafield tag="246" ind1="1" ind2=" ">
      <marc:subfield code="i">Abweichender Titel im Impressum</marc:subfield>
      <marc:subfield code="a">Fachzeitschrift für die Aufbereitung und Verwendung von Massenbaustoffen in der Schweiz</marc:subfield>
    </marc:datafield>
    <marc:datafield tag="264" ind1="3" ind2="1">
      <marc:subfield code="a">Hannover</marc:subfield>
      <marc:subfield code="b">Schlütersche Fachmedien GmbH</marc:subfield>
      <marc:subfield code="c">1969-</marc:subfield>
    </marc:datafield>
    <marc:datafield tag="264" ind1=" " ind2="1">
      <marc:subfield code="3">-1990</marc:subfield>
      <marc:subfield code="a">Offenbach, M.</marc:subfield>
      <marc:subfield code="b">Stein</marc:subfield>
    </marc:datafield>
    <marc:datafield tag="264" ind1="2" ind2="1">
      <marc:subfield code="3">früher</marc:subfield>
      <marc:subfield code="a">Baden-Baden</marc:subfield>
      <marc:subfield code="b">Stein</marc:subfield>
    </marc:datafield>
    <marc:datafield tag="264" ind1="2" ind2="1">
      <marc:subfield code="3">früher</marc:subfield>
      <marc:subfield code="a">Baden-Baden</marc:subfield>
      <marc:subfield code="b">Wesel</marc:subfield>
    </marc:datafield>
    <marc:datafield tag="264" ind1="2" ind2="1">
      <marc:subfield code="3">teils</marc:subfield>
      <marc:subfield code="a">Isernhagen</marc:subfield>
      <marc:subfield code="b">Giesel-Verl.</marc:subfield>
    </marc:datafield>
    <marc:datafield tag="264" ind1="2" ind2="1">
      <marc:subfield code="3">früher</marc:subfield>
      <marc:subfield code="a">Hannover</marc:subfield>
      <marc:subfield code="b">Giesel-Verl.</marc:subfield>
    </marc:datafield>
    <marc:datafield tag="300" ind1=" " ind2=" ">
      <marc:subfield code="c">30 cm</marc:subfield>
    </marc:datafield>
    <marc:datafield tag="336" ind1=" " ind2=" ">
      <marc:subfield code="a">Text</marc:subfield>
      <marc:subfield code="b">txt</marc:subfield>
      <marc:subfield code="2">rdacontent</marc:subfield>
    </marc:datafield>
    <marc:datafield tag="337" ind1=" " ind2=" ">
      <marc:subfield code="a">ohne Hilfsmittel zu benutzen</marc:subfield>
      <marc:subfield code="b">n</marc:subfield>
      <marc:subfield code="2">rdamedia</marc:subfield>
    </marc:datafield>
    <marc:datafield tag="338" ind1=" " ind2=" ">
      <marc:subfield code="a">Band</marc:subfield>
      <marc:subfield code="b">nc</marc:subfield>
      <marc:subfield code="2">rdacarrier</marc:subfield>
    </marc:datafield>
    <marc:datafield tag="362" ind1="0" ind2=" ">
      <marc:subfield code="a">1969 - 1973,1; 4.1973,2 - 28.1997; 30.1998 -</marc:subfield>
    </marc:datafield>
    <marc:datafield tag="363" ind1="0" ind2="1">
      <marc:subfield code="8">1.1\x</marc:subfield>
      <marc:subfield code="i">1969</marc:subfield>
    </marc:datafield>
    <marc:datafield tag="515" ind1=" " ind2=" ">
      <marc:subfield code="a">Jg. 29 in der Zählung übersprungen; 41.2009,1 fälschlich als Jg. 25 bez.; ersch. alle 2 Monate</marc:subfield>
    </marc:datafield>
    <marc:datafield tag="591" ind1=" " ind2=" ">
      <marc:subfield code="a">Zählung aus dem Impressum</marc:subfield>
    </marc:datafield>
    <marc:datafield tag="655" ind1=" " ind2="7">
      <marc:subfield code="0">(DE-588)4067488-5</marc:subfield>
      <marc:subfield code="0">https://d-nb.info/gnd/4067488-5</marc:subfield>
      <marc:subfield code="0">(DE-101)040674886</marc:subfield>
      <marc:subfield code="a">Zeitschrift</marc:subfield>
      <marc:subfield code="2">gnd-content</marc:subfield>
    </marc:datafield>
    <marc:datafield tag="710" ind1="2" ind2=" ">
      <marc:subfield code="0">(DE-588)10117390-8</marc:subfield>
      <marc:subfield code="0">https://d-nb.info/gnd/10117390-8</marc:subfield>
      <marc:subfield code="0">(DE-101)976691817</marc:subfield>
      <marc:subfield code="a">Fachverband der Schweizerischen Kies- und Betonindustrie</marc:subfield>
      <marc:subfield code="e">Herausgebendes Organ</marc:subfield>
      <marc:subfield code="4">isb</marc:subfield>
      <marc:subfield code="2">gnd</marc:subfield>
    </marc:datafield>
    <marc:datafield tag="710" ind1="2" ind2=" ">
      <marc:subfield code="0">(DE-588)2040053-6</marc:subfield>
      <marc:subfield code="0">https://d-nb.info/gnd/2040053-6</marc:subfield>
      <marc:subfield code="0">(DE-101)004949617</marc:subfield>
      <marc:subfield code="a">Schweizer Fachverband für Sand und Kies</marc:subfield>
      <marc:subfield code="e">Herausgebendes Organ</marc:subfield>
      <marc:subfield code="4">isb</marc:subfield>
      <marc:subfield code="2">gnd</marc:subfield>
    </marc:datafield>
    <marc:datafield tag="710" ind1="2" ind2=" ">
      <marc:subfield code="0">(DE-588)2040006-8</marc:subfield>
      <marc:subfield code="0">https://d-nb.info/gnd/2040006-8</marc:subfield>
      <marc:subfield code="0">(DE-101)004949234</marc:subfield>
      <marc:subfield code="a">Europäischer Asphaltverband</marc:subfield>
      <marc:subfield code="e">Herausgebendes Organ</marc:subfield>
      <marc:subfield code="4">isb</marc:subfield>
      <marc:subfield code="2">gnd</marc:subfield>
    </marc:datafield>
    <marc:datafield tag="770" ind1="0" ind2="8">
      <marc:subfield code="i">Supplement</marc:subfield>
      <marc:subfield code="t">Bulletin für Occasion-Kieswerkmaschinen</marc:subfield>
      <marc:subfield code="d">Baden-Baden : Wesel, 1971-</marc:subfield>
      <marc:subfield code="w">(DE-600)984009-6</marc:subfield>
      <marc:subfield code="w">(DE-101)01522967X</marc:subfield>
    </marc:datafield>
    <marc:datafield tag="770" ind1="0" ind2="8">
      <marc:subfield code="i">Supplement</marc:subfield>
      <marc:subfield code="t">Gebrauchtmaschinen- und Geräte-Markt international</marc:subfield>
      <marc:subfield code="d">Iffezheim : Stein, 1997-1997</marc:subfield>
      <marc:subfield code="w">(DE-600)2186650-8</marc:subfield>
      <marc:subfield code="w">(DE-101)027421678</marc:subfield>
    </marc:datafield>
    <marc:datafield tag="770" ind1="0" ind2="8">
      <marc:subfield code="i">Supplement</marc:subfield>
      <marc:subfield code="n">2017-</marc:subfield>
      <marc:subfield code="t">Handwerkzeuge spezial ...</marc:subfield>
      <marc:subfield code="d">Hannover : Schlütersche Verlagsgesellschaft mbH &amp; Co. KG, [2017]-</marc:subfield>
      <marc:subfield code="h">Bände</marc:subfield>
      <marc:subfield code="w">(DE-600)2908237-7</marc:subfield>
      <marc:subfield code="w">(DE-101)1141391813</marc:subfield>
    </marc:datafield>
    <marc:datafield tag="770" ind1="0" ind2="8">
      <marc:subfield code="i">Supplement</marc:subfield>
      <marc:subfield code="n">2018</marc:subfield>
      <marc:subfield code="t">Tankkarten spezial</marc:subfield>
      <marc:subfield code="d">Hannover : Schlütersche Verlagsgesellschaft mbH &amp; Co. KG, [2018]-</marc:subfield>
      <marc:subfield code="h">Bände</marc:subfield>
      <marc:subfield code="w">(DE-600)2939136-2</marc:subfield>
      <marc:subfield code="w">(DE-101)1164473336</marc:subfield>
    </marc:datafield>
    <marc:datafield tag="770" ind1="0" ind2="8">
      <marc:subfield code="i">Supplement</marc:subfield>
      <marc:subfield code="n">2019</marc:subfield>
      <marc:subfield code="t">Reparatur-Asphalt</marc:subfield>
      <marc:subfield code="d">Hannover : Schlütersche, [2019]-</marc:subfield>
      <marc:subfield code="h">Bände</marc:subfield>
      <marc:subfield code="w">(DE-600)3005884-3</marc:subfield>
      <marc:subfield code="w">(DE-101)1203134282</marc:subfield>
    </marc:datafield>
    <marc:datafield tag="770" ind1="0" ind2="8">
      <marc:subfield code="i">Supplement</marc:subfield>
      <marc:subfield code="n">2020-</marc:subfield>
      <marc:subfield code="t">Nachhaltigkeit &amp; Digitalisierung</marc:subfield>
      <marc:subfield code="d">Hannover : Schlütersche Verlagsgesellschaft mbH, [2020]-</marc:subfield>
      <marc:subfield code="h">Bände</marc:subfield>
      <marc:subfield code="w">(DE-600)3052752-1</marc:subfield>
      <marc:subfield code="w">(DE-101)1226360246</marc:subfield>
    </marc:datafield>
    <marc:datafield tag="776" ind1="0" ind2="8">
      <marc:subfield code="i">Erscheint auch als</marc:subfield>
      <marc:subfield code="n">Online-Ausgabe</marc:subfield>
      <marc:subfield code="t">&#152;Die&#156; Schweizer Baustoff-Industrie</marc:subfield>
      <marc:subfield code="d">Hannover : Giesel, 2012-</marc:subfield>
      <marc:subfield code="h">Online-Ressource</marc:subfield>
      <marc:subfield code="w">(DE-600)2798212-9</marc:subfield>
      <marc:subfield code="w">(DE-101)1060352486</marc:subfield>
    </marc:datafield>
    <marc:datafield tag="780" ind1="0" ind2="0">
      <marc:subfield code="i">Darin aufgeg.</marc:subfield>
      <marc:subfield code="t">Schweizer Baustoffindustrie / Jahresband. Jahresband</marc:subfield>
      <marc:subfield code="d">Baden-Baden : Stein, 1993-1997</marc:subfield>
      <marc:subfield code="x">0949-8885</marc:subfield>
      <marc:subfield code="w">(DE-600)920810-0</marc:subfield>
      <marc:subfield code="w">(DE-101)015074641</marc:subfield>
    </marc:datafield>
    <marc:datafield tag="787" ind1="0" ind2="8">
      <marc:subfield code="i">28,1=1996/97 von</marc:subfield>
      <marc:subfield code="t">Schweizer Baustoffindustrie / Jahresband. Jahresband</marc:subfield>
      <marc:subfield code="d">Baden-Baden : Stein, 1993-1997</marc:subfield>
      <marc:subfield code="x">0949-8885</marc:subfield>
      <marc:subfield code="w">(DE-600)920810-0</marc:subfield>
      <marc:subfield code="w">(DE-101)015074641</marc:subfield>
    </marc:datafield>
    <marc:datafield tag="850" ind1=" " ind2=" ">
      <marc:subfield code="a">DE-101a</marc:subfield>
      <marc:subfield code="a">DE-101b</marc:subfield>
    </marc:datafield>
    <marc:datafield tag="889" ind1=" " ind2=" ">
      <marc:subfield code="w">(DE-101)550867945</marc:subfield>
    </marc:datafield>
    <marc:datafield tag="925" ind1="r" ind2=" ">
      <marc:subfield code="a">ra</marc:subfield>
    </marc:datafield>
  </marc:record>
</marc:collection>
